| 000 | 00811nam a2200265 a 4500 | ||
|---|---|---|---|
| 001 | 57390 | ||
| 005 | 20180714053551.0 | ||
| 008 | 140415s1998 mx r 000 0 spa d | ||
| 020 | _a9683915159 | ||
| 041 | 0 | _aspa | |
| 082 | 0 |
_a839.82374 _bGAA |
|
| 100 | 1 |
_aGaarder, Jostein, _d1952- _eautor |
|
| 245 | 1 | 3 |
_aEl mundo de Sofía : _bnovela sobre la historia de la filosofía / _cJostein Gaarder. |
| 250 | _aPrimera edición | ||
| 264 | 1 |
_aMéxico : _bEditorial Patria, _c1998 |
|
| 300 |
_ax, 638 páginas ; _c21 cm. |
||
| 336 |
_atexto _2rdacontent |
||
| 337 |
_asin mediación _2rdamedia |
||
| 338 |
_avolumen _2rdacarrier |
||
| 650 | 4 | _aFilosofía | |
| 650 | 4 | _aHistoria | |
| 650 | 4 | _aFicción | |
| 700 | 1 |
_aBaggethun, Kirsti, _etraductor |
|
| 700 | 1 |
_aLorenzo, Asunción, _etraductor |
|
| 999 |
_c57390 _d57390 |
||